<?xml version="1.0" encoding="UTF-8"?><?xml-stylesheet type="text/xsl" href="static/style.xsl"?><OAI-PMH xmlns="http://www.openarchives.org/OAI/2.0/" xmlns:xsi="http://www.w3.org/2001/XMLSchema-instance" xsi:schemaLocation="http://www.openarchives.org/OAI/2.0/ http://www.openarchives.org/OAI/2.0/OAI-PMH.xsd"><responseDate>2026-04-17T02:45:43Z</responseDate><request verb="GetRecord" identifier="oai:www.recercat.cat:10459.1/83955" metadataPrefix="marc">https://recercat.cat/oai/request</request><GetRecord><record><header><identifier>oai:recercat.cat:10459.1/83955</identifier><datestamp>2024-12-04T15:26:04Z</datestamp><setSpec>com_2072_3622</setSpec><setSpec>col_2072_478537</setSpec></header><metadata><record xmlns="http://www.loc.gov/MARC21/slim" xmlns:dcterms="http://purl.org/dc/terms/" xmlns:xsi="http://www.w3.org/2001/XMLSchema-instance" xmlns:doc="http://www.lyncode.com/xoai" xsi:schemaLocation="http://www.loc.gov/MARC21/slim http://www.loc.gov/standards/marcxml/schema/MARC21slim.xsd">
   <leader>00925njm 22002777a 4500</leader>
   <datafield ind2=" " ind1=" " tag="042">
      <subfield code="a">dc</subfield>
   </datafield>
   <datafield ind2=" " ind1=" " tag="720">
      <subfield code="a">Castán Pérez, Lorién</subfield>
      <subfield code="e">author</subfield>
   </datafield>
   <datafield ind2=" " ind1=" " tag="260">
      <subfield code="c">2022-10-19T09:25:32Z</subfield>
   </datafield>
   <datafield ind2=" " ind1=" " tag="260">
      <subfield code="c">2022-10-19T09:25:32Z</subfield>
   </datafield>
   <datafield ind2=" " ind1=" " tag="260">
      <subfield code="c">2022</subfield>
   </datafield>
   <datafield ind2=" " ind1=" " tag="520">
      <subfield code="a">ANTECEDENTES: Según la encuesta ESTUDES (Encuesta sobre uso de drogas en enseñanzas secundarias en España, por el Ministerio de Sanidad), el cannabis es la sustancia ilícita más popular entre los jóvenes. Se estima que en 2021, 155.800 estudiantes se iniciaron en el consumo, situándose la edad de inicio en 14’9 años, y alcanzando una prevalencia del 51’5% a los 18 años. El consumo de esta sustancia causa efectos a corto y a largo plazo a niveles biológico, emocional y social, siendo un &#xd;
cerebro en desarrollo más vulnerable. OBJETIVO: Plantear un programa de Educación para la Salud (Eps) para disminuir prevalencia y cantidad de consumo en a alumnos de 3º y 4º de la ESO (Educación Secundaria Obligatoria) de un instituto de un barrio vulnerable de Lleida. MÉTODO: El programa se llevará a cabo en 8 sesiones destinados a reducir los factores de riesgo y potenciar los factores de protección, descritos en el análisis de los antecedentes según la bibliografía. Los recursos humanos los dispone el propio centro educativo y los instrumentos de evaluación sugeridos son de bajo coste, por lo que se estima requerimientos económicos bajos para su implantación.</subfield>
   </datafield>
   <datafield ind2=" " ind1=" " tag="520">
      <subfield code="a">PRECEDENTS: according to the survey ESTUDES (a survey relating to the use of drugs in secondary teaching in Spain, by the Health Ministery), the cannabis is the most popular illicit substance among young people. It is estimate in 2021 that 155.800 students iniciated in cannabis consumption, placing the iniciation age in 14’9 years old and reaching a prevalence of 51’5% at the age of 18. The use of this sustance cause short term and long-term effects biologically, emocionally an socially, being more vulnerable a brain still developing. OBJECTIVE: develop a health education program to decrease &#xd;
the prevalence and quantity of consumption of cannabis in 3º and 4º students of ESO (Secondary Obligatory Education) from a school in a vulnerable neighborhood in Lleida.&#xd;
METHOD: The program will be accomplished in 8 sessions intended to reduce the risk &#xd;
factors and improve the protective factors, described in the analysis of the precedents acording to biography. Human resources will be provided by the school itself and the assesment tools suggested are low cost, therefor low economic requirements are estimated fot its establishment</subfield>
   </datafield>
   <datafield ind1="8" ind2=" " tag="024">
      <subfield code="a">http://hdl.handle.net/10459.1/83955</subfield>
   </datafield>
   <datafield tag="653" ind2=" " ind1=" ">
      <subfield code="a">Fumar marihuana</subfield>
   </datafield>
   <datafield tag="653" ind2=" " ind1=" ">
      <subfield code="a">Abuso de marihuana</subfield>
   </datafield>
   <datafield tag="653" ind2=" " ind1=" ">
      <subfield code="a">Adolescente</subfield>
   </datafield>
   <datafield tag="653" ind2=" " ind1=" ">
      <subfield code="a">Educación para  la salud</subfield>
   </datafield>
   <datafield tag="653" ind2=" " ind1=" ">
      <subfield code="a">Promoción de la salud</subfield>
   </datafield>
   <datafield tag="653" ind2=" " ind1=" ">
      <subfield code="a">Marijuana Smoking</subfield>
   </datafield>
   <datafield tag="653" ind2=" " ind1=" ">
      <subfield code="a">Marijuana Abuse</subfield>
   </datafield>
   <datafield tag="653" ind2=" " ind1=" ">
      <subfield code="a">Adolescent</subfield>
   </datafield>
   <datafield tag="653" ind2=" " ind1=" ">
      <subfield code="a">Health Education</subfield>
   </datafield>
   <datafield tag="653" ind2=" " ind1=" ">
      <subfield code="a">Health Promotion</subfield>
   </datafield>
   <datafield ind2="0" ind1="0" tag="245">
      <subfield code="a">Programa de Educación para la Salud: Prevención de  consumo de cannabis en adolescentes.</subfield>
   </datafield>
</record></metadata></record></GetRecord></OAI-PMH>